| 000 | 00844nam a22002177a 4500 | ||
|---|---|---|---|
| 999 |
_c8821 _d8821 |
||
| 003 | AR-CdUCM | ||
| 008 | 190326b ||||| |||| 00| 0 spa d | ||
| 040 |
_aMUNICIPALIDAD PROVINCIAL DEL CUSCO _cBIBLIOTECA MUNICIPAL DEL CUSCO |
||
| 082 |
_a510.1 / _bB24 |
||
| 100 |
_aBarker, Stephen F. _924571 |
||
| 245 | _aFilosofia de las matematicas / | ||
| 260 |
_aMéxico : _bUTEHA, _c1965. |
||
| 300 |
_aX ; 170 páginas ; _c17 cm. |
||
| 440 |
_aManuales UTEHA. _nsección 7, N°283 / 283a _924572 |
||
| 505 | _aContenido : Geometría euclidiana -- Geometría no euclidiana -- Números y filosofías literales de los números -- Transición a un punto de vista no literal de los números. | ||
| 650 |
_aFilosofia _9395 |
||
| 650 |
_aMatematicas _99398 |
||
| 700 |
_aMoreno Cañadas, Carlos (traductor) _916005 |
||
| 942 |
_2ddc _cLIBROS |
||
| 945 | _azta | ||